LEADER 01553nam a2200301 u 4500 001 000000053493 003 CaOOAMICUS 005 20070226115551.0 008 001116s1996 ohu u000 u eng u 035 $a10861441 040 $aPUL$bita 100 1 $aGittens, Deacon Peter W.$0(OLS)http://pul/name/38070 245 10$aMagistra Apostolorum in the writings of Rupert of Deutz :$ban investigation into the usage of this Marian title in Rupert's commentary on the Canticle of Canticles /$cDeacon Peter W. Gittens. 260 $aDayton :$bUniversity of Dayton,$c1996. 300 $axi, 175 p. ;$c24 cm 502 $aDiss. -- University of Dayton, International Marian Research Institute, 1996. 504 $aBibliography: p. 143-162. 600 04$aMaria Virgo,$cs.$0(OLS)http://pul/subject/500 600 04$aRupert,$cof Deutz,$dca. 1075-1129.$0(OLS)http://pul/subject/22094 710 2 $aUniversity of Dayton.$bInternational Marian research institute.$0(OLS)http://pul/name/33532 850 $aPUL 852 $aPUL$W1$xDP1 Tesi Pon. Fac. Marianum$y38$mTH MARIA 75$j70572$nBK-PRI$b $qTesi$B70572$CPULBib$Z2$F70572 $H $81 941 1 $a16 960 $aMariologia$9500 960 $aMariologia$9500 961 $aINV: 83030 996 $6245$aMagistra Apostolorum in the writings of Rupert of Deutz :$ban investigation into the usage of this Marian title in Rupert's commentary on the Canticle of Canticles$9(OLS)http://pul/title/71765 996 $6260$aDayton :$bUniversity of Dayton$9(OLS)http://pul/publisher/66327 LEADER 01235nam a2200289 a 4500 001 000000132435 003 CaOOAMICUS 005 20130125144049.0 008 130125s2006 it u000 u ita r 020 $a88-514-0362-7 040 $aPUL$bita 082 04$a262.52 245 02$aI frutti del cambiamento :$ba 40 anni dal "Perfectae caritatis" /$cSantiago M. Gonzalez Silva (ed.) 260 $aMilano :$bŔncora,$c©2006. 300 $a208 p. ;$c21 cm. 490 1 $aVita consacrata 611 24$aConcilium Vaticanum$n(2 :$d1962-1965)$tPerfectae caritatis.$0(OLS)http://pul/subject/23418 700 1 $aGonzález Silva, Santiago Maria,$d1945-$0(OLS)http://pul/name/51683 830 0$aVita consacrata.$0(OLS)http://pul/title/50358 850 $aPUL 852 $aPUL$W1$xDP2 Religione 3$y114$m262. 52 GONSA 1$j152398$qDDC 21$B151748$CPULBib$Z2$F151748 $H102583 $82 941 1 $a9 996 $6020$a88-514-0362-7$9(OLS)http://pul/number/151605 996 $6082$a262.52$9(OLS)http://pul/classification/356 996 $6245$aI frutti del cambiamento :$ba 40 anni dal "Perfectae caritatis"$9(OLS)http://pul/title/167315 996 $6260$aMilano :$bŔncora$9(OLS)http://pul/publisher/53070